Clubes que mais venceram campeonatos nacionais da AFC - Statistics

Estatísticas Gerais
  • Esse quiz foi jogado 23 vezes
  • A pontuação média é 6 de 48
Estatísticas das Respostas
País Vezes que ganhou Campeonato Time % Correto
Arábia Saudita 13 دوري المحترفين السعودي Al-Hilal Saudi Football Club
90%
Japão 8 J1リーグ Kashima Antlers Football Club | Sanfrecce Hiroshima Football Club
76%
Austrália 4 A-League Marconi Stallions Football Club | South Melbourne Football Club | Hakoah Sydney City East Football Club
62%
Emirados Árabes Unidos 12 دوري الخليج العربي Al Ain Football Club
38%
Catar 13 دوري نجوم قطر Al-Sadd Sports Club
38%
Irã 9 لیگ برتر خلیج فارس‎‎ ‎‎Persepolis Tehran Football Club
33%
Coreia do Norte 15 최상급축구련맹전 April 25 Sports Team
14%
Uzbequistão 11 Oʻzbekiston Professional Futbol Ligasi Football Club Pakhtakor Tashkent
14%
Indonésia 9 Liga Super Indonesia Persija Sepak Bola Indonesia Jakarta
14%
Tailândia 13 ไทยลีก Air Force Central Football Club
10%
Iêmen 10 الدوري اليمني Al-Ahli Club Sana'a
10%
Timor-Leste 2 Liga Futebol Amadora Associação Desportiva Dili Leste
10%
Turquemenistão 6 Ýokary Liga Futbol kluby Köpetdag Aşgabat
10%
Macau 9 Liga de Elite Grupo Desportivo de Lam Pak
10%
Guam 9 Guam Soccer League Guam Shipyard Football Club
10%
Marianas Setentoriais 5 M*League Division 1 Inter Godfather's Football Club
10%
Laos 8 ລາວ ພຣີເມຍລີກ Lao Army Football Club
10%
Camboja 6 Cambodian League Phnom Penh Crown Football Club
10%
Coreia do Sul 7 K리그 클래식 Seongnam Football Club
10%
Bangladesh 6 বাংলাদেশ ফুটবল প্রিমিয়ার লিগ Abahani Limited Dhaka
5%
Líbano 13 الدوري اللبناني لكرة القدم ‎‎Al-Ansar Sporting Club
5%
Jordânia 32 دوري المناصير الأردني للمحترفين ‎‎Al-Faisaly Football Club of Amman
5%
Síria 14 الدوري السوري Al-Jaish Sports Club
5%
Bahrein 33 الدوري البحريني الممتاز Al-Muharraq Sports Club
5%
Iraque 13 دوري الممتاز العراقي Al-Zawra'a Sports Club
5%
Filipinas 10 United Football League Bohemian Sporting Club
5%
China 8 中国足球协会超级联赛 Dalian Shide Football Club
5%
Índia 5 I-League Dempo Sports Club
5%
Omã 9 دوري المحترفين عمان Dhofar Club | Fanja Club
5%
Butão 8 Thimphu Premier League Drukpol Football Club
5%
Mongólia 10 Үндэсний Премьер лигийн Erchim Khölbömbögiyn Klub
5%
Mianmar 11 Myanmar National League Finance and Revenue Football Club
5%
Tajiquistão 7 Чемпионатй футболий Точикистон Football Club Regar-TadAZ
5%
Quirguistão 9 Кыргызстан Жокорку Чемпионаты Futbolniy Klub Dordoi
5%
Palestina (Faixa de Gaza) 3 Gaza Strip League (Faixa de Gaza) Khadamat Rafah
5%
Nepal 7 शहीद स्मारक ए डिभिजन लीग Manang Marshyangdi Club
5%
Malásia 6 Liga Super Malaysia Persatuan Bolasepak Selangor
5%
Paquistão 9 پاکستان پریمیئر لیگ PIA Football Club
5%
Kuwait 17 الدوري الكويتي Qadsia Sporting Club
5%
Brunei 3 Liga Super Brunei QAF Football Club | MS ABDB
5%
Sri Lanka 12 Football Premier League Saunders Sports Club
5%
Afeganistão 3 Afghan Premier League Shaheen Asmayee Football Club
5%
Hong Kong 41 香港甲組聯賽 South China Athletic Association
5%
Taipé Chinês (Taiwan) 20 城市足球聯賽 Taiwan Power Company Football Club
5%
Palestina (Cisjordânia) 3 Premier League (Cisjordânia) Taraji Wadi Al-Nes
5%
Vietnã 5 V.League 1 Thể Công Football Club
5%
Maldivas 21 ދިވެހި ލީގް Victory Sports Club
5%
Singapura 12 S.League Warriors Football Club
5%
Nenhum quiz correspondente encontrado
Distribuição das Pontuações
Porcentagem de Pessoas com Cada Pontuação
Percentil de Números Respondidos
Sua Pontuação Histórica
Você não jogou esse quiz